00734nam a2200193 i 450000100060000000300090000600500170001500700030003200800410003510000420007624501120011826000330023030000300026370000290029370000470032285200320036999900170040195201220041865548ES-MaACL20230906165415.0t|040115s1966 sp ||||1| spa d0 aFriedman, Milton (d1912-2006)95263610aTeoría de los precios / cMilton Friedman ; versión, José Vergara y José Vergara L. de San Román. a[Madrid : bAlianza, c1966] a363 p. : bil. ; c24 cm.1 aVergara, José.91140831 aVergara L. de San Román, José.9114088 aES-MaACLjC-30926 bR.61686 c65548d65548 00104070aATENEOMbATENEOMcDEPO2d2008-01-17eSCl0oC-30926p1068675r2023-02-23 00:00:00w2023-02-23yMONOGRAFIA